00880nam a22001937a 450000500170000000800410001702000150005805000250007310000350009824501350013325000110026826001580027930000210043750400320045860000470049065000600053765000330059771000560063020220912134734.0140702t mx ||||| |||| 00| 0 spa d a970712366404aKGF2530.S9bC33 20041 aCabrera Acevedo, Lucio,eautor13aLa Suprema Corte de Justicia durante el gobierno del Presidente Miguel de la Madrid Hurtado (1983-1988) c/ Lucio Cabrera Acevedo. a1a ed. aMéxico :bDirección General de la Coordinación de Compilación y Sistematización de Tesis de la Suprema Corte de Justicia de la Nación,cc2004 a355 p. ;c33 cm. aBibliografía : p. 353-35514aMadrid Hurtado, Miguel de la,y1934 - 1994 72lembaAdministración de justicia xHistoriazMéxico 72lembaPresidentesy1983-19882 aSuprema Corte de Justicia de la Nación (México)